Представление документа в формате RUSMARC

ПолеНазваниеЗначение
  Тип записи a
  Библиографический уровень m
001 Контрольный номер UONB/MAIN/9972c5965f904b3d9a0beb64dfc54a7d
005 Дата корректировки 20260419152030.9
010 Индекс ISBN __
9 Тираж 200 экз.
100 Данные общей обработки __
a Данные общей обработки 20260408d 196 u y0rusy0189 ca
101 Язык документа 0_
a Язык текста rus
102 Страна публикации __
a Страна публикации RU
105 Кодированные данные (монография) __
a Кодированные данные (монография) y z 000yy
200 Заглавие и сведения об ответственности 1_
a Заглавие Селекция и агротехника проса в условиях Татарской АССР
e Сведения, относящиеся к заглавию краткий обобщенный доклад опубликованных работ
e Сведения, относящиеся к заглавию на соискание ученой степени кандидата сельскохозяйственных наук
f Первые сведения об ответственности М. Н. Шумкова
g Последующие сведения об ответственности Министерство сельского хозяйства СССР, Ульяновский сельскохозяйственный институт
203 Вид содержания и тип средства __
a Вид содержания Текст
b Характеристика содержания визуальный
c Тип средства непосредственный
210 Выходные данные 1_
a Место издания Казань
c Издательство б. и.
d Дата издания 1967
215 Физическое описание __
a Объем 41 с.
d Формат 21 см
300 Общие примечания __
a Общие примечания На правах рукописи
606 Тематические рубрики 0_
a Основная рубрика Просо
x Основная подрубрика Селекция
j Формальный подзаголовок Сборники
606 Тематические рубрики 0_
a Основная рубрика Просо
x Основная подрубрика Семеноводство
j Формальный подзаголовок Сборники
610 Ключевые слова 0_
a Ключевые слова просо; селекция; семеноводство; агротехника; сборники
675 Индекс УДК __
a Индекс УДК 633.1
686 Индексы других классификаций __
a Классификационный индекс 42.112.6
2 Код системы rubbk
700 Автор _1
a Фамилия Шумкова
b Имя (инициалы) М. Н.
801 Источник записи _0
a Страна RU
b Организация Ульяновская ОНБ
c Дата составления 20260408
g Правила каталогизации RCR
801 Источник записи _1
a Страна RU
b Организация Ульяновская ОНБ
c Дата составления 20260408
g Правила каталогизации RCR
901 Тип документа __
t Тип документа m
909 Создатель записи __
a Создатель записи Королева
b Дата создания записи 20260408